000 01397cad a22002895a 4500
001 L157755
008 130430s2013 xxk f 000 0 eng d
020 _a9781783210206
035 _a(Sirsi) u157755
041 0 _aeng
110 2 _aRoyal Institution of Chartered Surveyors
_94900
245 0 4 _aSurveyors acting as arbitrators in commercial property rent reviews
_h[electronic resource]
250 _a9th ed
260 _aLondon
_bRICS
_c2013
490 0 _aRICS Guidance Note
490 0 _aRICS Professional Standard
500 _aThis document was originally published in April 2013 as an RICS guidance note and reissued in December 2023 as an RICS professional standard.
520 _aOffers guidance to surveyors acting as arbitrators and independent experts in commercial property rent reviews. Looks at the powers and duties of the arbitrator, potential conflicts of interest, acting as expert witnesses and advocates, the arbitration award, fees and costs.
590 _aKA
651 4 _aEngland
651 4 _aWales
651 4 _aNorthern Ireland
_y2007-
690 _aDispute resolution
_96236
690 _aCommercial property
_96227
856 4 0 _uhttps://www.rics.org/profession-standards/rics-standards-and-guidance/sector-standards/dispute-resolution-standards/surveyors-acting-as-arbitrators-in-commercial-property-rent-reviews
_zFree on RICS.org
942 _n0
_2ddc
999 _c114953
_d114953